[Event "San Francisco Grey Memorial"]
[Site "San Francisco"]
[Date "2017.09.19"]
[Round "7"]
[White "Cowgill, Jackie P"]
[Black "Capdeville, Barry E"]
[Result "1-0"]
[WhiteElo "1181"]
[BlackElo "1264"]
[PlyCount "97"]
[EventDate "2017.08.08"]
[EventType "swiss"]
[EventRounds "9"]
[EventCountry "USA"]
[SourceTitle "EXT 2023"]
[Source "ChessBase"]
[SourceDate "2022.10.05"]
[SourceVersion "1"]
[SourceVersionDate "2022.10.05"]
[SourceQuality "1"]

1. e4 e5 2. Nf3 Nf6 3. d4 Nxe4 4. dxe5 d5 5. Be3 Be7 6. Be2 0-0 7. 0-0 Be6 8. Nc3 c5 9. Nxe4 dxe4 10. Nd2 Qc7 11. Nxe4 Qxe5 12. Bf3 Nc6 13. c3 Rad8 14. Qe2 Bf5 15. Ng3 Bd3 16. Qe1 Bxf1 17. Nxf1 Qc7 18. a3 Ne5 19. Be2 c4 20. h3 Nd3 21. Bxd3 cxd3 22. Bd2 Bc5 23. b4 Bb6 24. a4 a6 25. Ne3 Rfe8 26. Qb1 Ba7 27. a5 Bb8 28. g3 Qc8 29. Kh2 f5 30. Ng2 Re2 31. Qb3+ Kh8 32. Be3 Qc6 33. Nf4 Bxf4 34. gxf4 Rd6 35. Qf7 Rf6 36. Qe7 Qe6 37. Qd8+ Qg8 38. Qxd3 Rb2 39. c4 h6 40. Bd4 Qd8 41. Qe3 Rg6 42. Bxb2 b6 43. Rg1 Rxg1 44. Kxg1 Qd1+ 45. Kg2 Qd8 46. Qg3 Qe7 47. c5 Qe4+ 48. Qf3 bxc5 49. bxc5 1-0

[Event "San Francisco Grey Memorial"]
[Site "San Francisco"]
[Date "2017.08.15"]
[Round "2"]
[White "Fuentes, Romulo C"]
[Black "Capdeville, Barry E"]
[Result "1-0"]
[WhiteElo "2143"]
[BlackElo "1264"]
[PlyCount "35"]
[EventDate "2017.08.08"]
[EventType "swiss"]
[EventRounds "9"]
[EventCountry "USA"]
[SourceTitle "EXT 2023"]
[Source "ChessBase"]
[SourceDate "2022.10.05"]
[SourceVersion "1"]
[SourceVersionDate "2022.10.05"]
[SourceQuality "1"]

1. e4 e5 2. Nf3 Nf6 3. Nxe5 d6 4. Nf3 Nxe4 5. Nc3 Nxc3 6. dxc3 Be7 7. Be3 0-0 8. Qd2 b6 9. 0-0-0 Ba6 10. Bxa6 Nxa6 11. h4 Qd7 12. Ng5 Nc5 13. f4 f6 14. Qd5+ Kh8 15. Nf7+ Kg8 16. Nh6+ Kh8 17. Qg8+ Rxg8 18. Nf7# 1-0

[Event "San Francisco TNM Spring op"]
[Site "San Francisco"]
[Date "2017.04.25"]
[Round "7"]
[White "Capdeville, Barry E"]
[Black "Starr, Albert Martin"]
[Result "1-0"]
[WhiteElo "1177"]
[BlackElo "1571"]
[PlyCount "49"]
[EventDate "2017.03.14"]
[EventType "swiss"]
[EventRounds "8"]
[EventCountry "USA"]
[SourceTitle "EXT 2023"]
[Source "ChessBase"]
[SourceDate "2022.10.05"]
[SourceVersion "1"]
[SourceVersionDate "2022.10.05"]
[SourceQuality "1"]

1. e4 e5 2. Nf3 Nf6 3. Nxe5 d6 4. Nf3 Nxe4 5. d4 d5 6. Bd3 Be7 7. h3 0-0 8. 0-0 h6 9. Bf4 Re8 10. Nbd2 Bf6 11. Ne5 Bf5 12. Re1 Nd6 13. Nf1 Bxd3 14. cxd3 c6 15. Ng3 Nd7 16. Qg4 g5 17. Nxd7 Rxe1+ 18. Rxe1 Ne8 19. Nf5 Kh7 20. Rxe8 Qxd7 21. Rxa8 Qe6 22. Nxh6 Qe1+ 23. Kh2 Qxf2 24. Qf5+ Kxh6 25. Qxf6+ 1-0

[Event "San Francisco TNM Summer op"]
[Site "San Francisco"]
[Date "2016.07.05"]
[Round "7"]
[White "Capdeville, Barry E"]
[Black "Olson, David R"]
[Result "0-1"]
[WhiteElo "1248"]
[BlackElo "1400"]
[PlyCount "70"]
[EventDate "2016.05.24"]
[EventType "swiss"]
[EventRounds "8"]
[EventCountry "USA"]
[SourceTitle "EXT 2018"]
[Source "ChessBase"]
[SourceDate "2017.10.13"]
[SourceVersion "1"]
[SourceVersionDate "2017.10.13"]
[SourceQuality "1"]

1. e4 e5 2. Nf3 Nc6 3. Bb5 Nd4 4. Nxd4 exd4 5. d3 Bb4+ 6. c3 dxc3 7. bxc3 Ba5 8. Bc4 Ne7 9. Qh5 Bxc3+ 10. Nxc3 0-0 11. Bg5 c6 12. 0-0 Qa5 13. Qh4 Ng6 14. Qg3 Qxc3 15. f4 h6 16. Bh4 Kh8 17. Rac1 Qd4+ 18. Kh1 d5 19. Bb3 dxe4 20. Bxf7 Nxh4 21. Qxh4 Rxf7 22. Qh5 Rf5 23. Qe8+ Kh7 24. dxe4 Rc5 25. Rcd1 Qc4 26. f5 Qg8 27. Qg6+ Kh8 28. f6 Be6 29. fxg7+ Qxg7 30. Qxe6 Re5 31. Qd6 Rxe4 32. Qd3 Rae8 33. Qh3 Re2 34. Qf3 Rxa2 35. Qf7 Qxg2# 0-1

[Event "San Francisco TNM Summer op"]
[Site "San Francisco"]
[Date "2016.06.07"]
[Round "3"]
[White "Capdeville, Barry E"]
[Black "Bayaraa, Bilguun"]
[Result "1-0"]
[WhiteElo "1248"]
[BlackElo "1041"]
[PlyCount "49"]
[EventDate "2016.05.24"]
[EventType "swiss"]
[EventRounds "8"]
[EventCountry "USA"]
[SourceTitle "EXT 2018"]
[Source "ChessBase"]
[SourceDate "2017.10.13"]
[SourceVersion "1"]
[SourceVersionDate "2017.10.13"]
[SourceQuality "1"]

1. e4 e5 2. Nf3 Nc6 3. Bb5 d6 4. h3 Nf6 5. d3 a6 6. Ba4 b5 7. Bb3 Bb7 8. a3 g6 9. c3 d5 10. Ng5 Bg7 11. Be3 Qd7 12. Qc2 0-0 13. Nd2 a5 14. d4 a4 15. Ba2 h6 16. Ngf3 Rfe8 17. b4 Rad8 18. 0-0-0 Bc8 19. g4 Qd6 20. g5 Nd7 21. gxh6 Bf6 22. exd5 Na7 23. Rdg1 Kf8 24. Ne4 c5 25. Nxd6 1-0

[Event "San Francisco TNM Spring op"]
[Site "San Francisco"]
[Date "2016.05.03"]
[Round "8"]
[White "Capdeville, Barry E"]
[Black "Dupree, Charles"]
[Result "0-1"]
[WhiteElo "1273"]
[BlackElo "1630"]
[PlyCount "60"]
[EventDate "2016.03.15"]
[EventType "swiss"]
[EventRounds "8"]
[EventCountry "USA"]
[SourceTitle "EXT 2018"]
[Source "ChessBase"]
[SourceDate "2017.10.13"]
[SourceVersion "1"]
[SourceVersionDate "2017.10.13"]
[SourceQuality "1"]

1. e4 c5 2. Nf3 e6 3. d4 cxd4 4. Nxd4 a6 5. Nc3 Qc7 6. Be2 Nf6 7. 0-0 Bb4 8. Bd2 Bxc3 9. Bxc3 Nxe4 10. Bb4 d6 11. Bd3 Nf6 12. c4 0-0 13. Rc1 Rd8 14. Bd2 e5 15. Nc2 Nc6 16. Bg5 Bg4 17. f3 Be6 18. Bxf6 gxf6 19. f4 f5 20. fxe5 Nxe5 21. Bxf5 Bxc4 22. Ne3 Qb6 23. Rxc4 Qxe3+ 24. Kh1 Nxc4 25. h3 Ne5 26. Qh5 h6 27. Bh7+ Kxh7 28. Qf5+ Kg8 29. Rf4 Rac8 30. Rh4 Qg3 0-1

[Event "San Francisco TNM Winter op"]
[Site "San Francisco"]
[Date "2016.01.12"]
[Round "2"]
[White "Hack, Richard"]
[Black "Capdeville, Barry E"]
[Result "1-0"]
[WhiteElo "1654"]
[BlackElo "1273"]
[PlyCount "99"]
[EventDate "2016.01.05"]
[EventType "swiss"]
[EventRounds "8"]
[EventCountry "USA"]
[SourceTitle "EXT 2018"]
[Source "ChessBase"]
[SourceDate "2017.10.13"]
[SourceVersion "1"]
[SourceVersionDate "2017.10.13"]
[SourceQuality "1"]

1. e4 e5 2. Nf3 Nf6 3. Nxe5 d6 4. Nf3 Nxe4 5. d4 d5 6. Bd3 Be7 7. 0-0 0-0 8. Re1 Bf5 9. Nbd2 Nxd2 10. Bxf5 Nxf3+ 11. Qxf3 c6 12. Qh3 g6 13. Bd3 Bf6 14. c3 Nd7 15. Bf4 Re8 16. Kf1 Nf8 17. Rxe8 Qxe8 18. Re1 Qd7 19. Qg3 Re8 20. Be3 Ne6 21. f4 Ng7 22. Bd2 Rxe1+ 23. Qxe1 Nf5 24. g4 Nh4 25. Qe2 h5 26. h3 Qe7 27. Kf2 Qxe2+ 28. Bxe2 Be7 29. gxh5 f5 30. hxg6 Nxg6 31. c4 Bh4+ 32. Kg2 Nf8 33. cxd5 cxd5 34. Bf3 Kg7 35. Bxd5 b6 36. Bb4 Nd7 37. Be6 Nf6 38. d5 a5 39. Bc3 Kg6 40. Bd4 b5 41. Bb6 a4 42. d6 Ne8 43. d7 Nd6 44. d8Q Bxd8 45. Bxd8 Nf7 46. Be7 Nh6 47. Bd7 Ng8 48. Bg5 Nf6 49. Bxf6 Kxf6 50. Bxb5 1-0

[Event "San Francisco TNM Spring op"]
[Site "San Francisco"]
[Date "2011.04.19"]
[Round "6"]
[White "Saldona, Jose"]
[Black "Capdeville, Barry E"]
[Result "1-0"]
[WhiteElo "1016"]
[BlackElo "1309"]
[PlyCount "41"]
[EventDate "2011.03.15"]
[EventType "swiss"]
[EventRounds "8"]
[EventCountry "USA"]
[SourceTitle "EXT 2012"]
[Source "ChessBase"]
[SourceDate "2011.11.24"]
[SourceVersion "1"]
[SourceVersionDate "2011.11.24"]
[SourceQuality "1"]

1. e4 c5 2. c4 d6 3. a3 Nf6 4. Nc3 Nc6 5. b4 b6 6. b5 Nd4 7. Bb2 e6 8. Nf3 Nxf3+ 9. Qxf3 Be7 10. e5 Bb7 11. Qxb7 dxe5 12. g3 0-0 13. Bg2 Qd3 14. Bf1 Qf5 15. Qxe7 Ng4 16. 0-0-0 Nxf2 17. Bg2 Rae8 18. Qxf8+ Kxf8 19. Rhf1 Nd3+ 20. Kb1 Nb4+ 21. Rxf5 1-0

[Event "San Francisco TNM Winter op"]
[Site "San Francisco"]
[Date "2011.01.11"]
[Round "2"]
[White "Capdeville, Barry E"]
[Black "Bertot, German"]
[Result "0-1"]
[WhiteElo "1268"]
[BlackElo "1563"]
[PlyCount "78"]
[EventDate "2011.01.04"]
[EventType "swiss"]
[EventRounds "8"]
[EventCountry "USA"]
[SourceTitle "EXT 2012"]
[Source "ChessBase"]
[SourceDate "2011.11.24"]
[SourceVersion "1"]
[SourceVersionDate "2011.11.24"]
[SourceQuality "1"]

1. e4 e5 2. Nf3 Nc6 3. Bb5 a6 4. Ba4 Nf6 5. 0-0 b5 6. Bb3 Bc5 7. c3 0-0 8. Re1 d6 9. d4 exd4 10. cxd4 Ba7 11. h3 h6 12. Nc3 Re8 13. a3 Bb7 14. Qc2 Nxd4 15. Nxd4 Bxd4 16. Bf4 Bxc3 17. Qxc3 Nxe4 18. Qc2 Qd7 19. Rad1 Nc5 20. Ba2 Be4 21. Qxc5 Qd8 22. Qd4 Bg6 23. Bd5 Rb8 24. Bc6 Re6 25. Rxe6 fxe6 26. Qa7 Rb6 27. Bb7 Qd7 28. Qa8+ Kh7 29. Bc8 Qd8 30. Bb7 Qd7 31. Bxa6 b4 32. Be3 bxa3 33. bxa3 Qa4 34. Bxb6 Qxd1+ 35. Kh2 cxb6 36. Qc6 Qd4 37. Bb5 Be4 38. Qc1 Qe5+ 39. Kg1 Qxb5 0-1

[Event "San Francisco TNM Winter op"]
[Site "San Francisco"]
[Date "2011.01.04"]
[Round "1"]
[White "Banik, Siddharth G"]
[Black "Capdeville, Barry E"]
[Result "1-0"]
[WhiteElo "1765"]
[BlackElo "1268"]
[PlyCount "49"]
[EventDate "2011.01.04"]
[EventType "swiss"]
[EventRounds "8"]
[EventCountry "USA"]
[SourceTitle "EXT 2012"]
[Source "ChessBase"]
[SourceDate "2011.11.24"]
[SourceVersion "1"]
[SourceVersionDate "2011.11.24"]
[SourceQuality "1"]

1. e4 c5 2. Nf3 d6 3. d4 cxd4 4. Nxd4 Nf6 5. Nc3 a6 6. f4 Nbd7 7. Qf3 e6 8. Be3 Be7 9. Bc4 Nb6 10. Bb3 0-0 11. g4 e5 12. Nf5 Be6 13. Bxb6 Qxb6 14. Nxe7+ Kh8 15. Bxe6 fxe6 16. 0-0-0 Qc7 17. fxe5 dxe5 18. g5 Ng8 19. Ng6+ hxg6 20. Qh3+ Nh6 21. gxh6 Kg8 22. Qxe6+ Kh7 23. Rd7 Rae8 24. Qxe8 Rxe8 25. Rxc7 1-0

[Event "San Francisco TNM Fall op"]
[Site "San Francisco"]
[Date "2010.12.14"]
[Round "9"]
[White "Capdeville, Barry E"]
[Black "Hilliard, Michael"]
[Result "1/2-1/2"]
[WhiteElo "1298"]
[BlackElo "1543"]
[PlyCount "67"]
[EventDate "2010.10.20"]
[EventType "swiss"]
[EventRounds "9"]
[EventCountry "USA"]
[SourceTitle "EXT 2012"]
[Source "ChessBase"]
[SourceDate "2011.11.24"]
[SourceVersion "1"]
[SourceVersionDate "2011.11.24"]
[SourceQuality "1"]

1. e4 c6 2. d4 d5 3. e5 Bf5 4. Nd2 e6 5. Nb3 a5 6. a4 Qb6 7. Nf3 c5 8. Bb5+ Nc6 9. Be3 cxd4 10. Nbxd4 Qc7 11. Nxf5 exf5 12. Bf4 Nge7 13. 0-0 0-0-0 14. Qd3 h6 15. Qb3 g5 16. Bd2 Bg7 17. Bxc6 bxc6 18. Rfe1 g4 19. Nd4 Bxe5 20. Bxa5 Qd6 21. Bxd8 Rxd8 22. c3 Bxh2+ 23. Kh1 Be5 24. Rad1 h5 25. c4 f4 26. Nb5 Qf6 27. Na7+ Kc7 28. cxd5 Rb8 29. Qc4 Rxb2 30. Nb5+ Kc8 31. Na7+ Kc7 32. Nb5+ Kc8 33. Na7+ Kc7 34. Nb5+ 1/2-1/2

[Event "San Francisco TNM Fall op"]
[Site "San Francisco"]
[Date "2010.12.07"]
[Round "8"]
[White "Olson, David L"]
[Black "Capdeville, Barry E"]
[Result "0-1"]
[WhiteElo "1406"]
[BlackElo "1298"]
[PlyCount "70"]
[EventDate "2010.10.20"]
[EventType "swiss"]
[EventRounds "9"]
[EventCountry "USA"]
[SourceTitle "EXT 2012"]
[Source "ChessBase"]
[SourceDate "2011.11.24"]
[SourceVersion "1"]
[SourceVersionDate "2011.11.24"]
[SourceQuality "1"]

1. e4 c5 2. Nf3 d6 3. d4 cxd4 4. Nxd4 Nf6 5. Bd3 e6 6. 0-0 Be7 7. Nc3 a6 8. f4 Nc6 9. Be3 0-0 10. Nf3 Qc7 11. Ne2 Ng4 12. Bd2 Qb6+ 13. Kh1 Nf2+ 14. Rxf2 Qxf2 15. Qe1 Qb6 16. Be3 Qc7 17. Qd2 Bd7 18. Rf1 f5 19. Ng5 Bxg5 20. fxg5 fxe4 21. Rxf8+ Rxf8 22. Bxe4 d5 23. Bd3 Ne5 24. Bf4 Nxd3 25. Bxc7 Rf1+ 26. Ng1 Nf2+ 27. Qxf2 Rxf2 28. Nf3 Rxc2 29. Be5 Rc1+ 30. Ng1 Re1 31. Bc3 Rd1 32. h3 d4 33. Bb4 e5 34. Kh2 d3 35. Kg3 Rxg1 0-1

[Event "San Francisco TNM Fall op"]
[Site "San Francisco"]
[Date "2010.10.20"]
[Round "1"]
[White "Capdeville, Barry E"]
[Black "Krasnov, Steven Lender"]
[Result "0-1"]
[WhiteElo "1298"]
[BlackElo "1926"]
[PlyCount "66"]
[EventDate "2010.10.20"]
[EventType "swiss"]
[EventRounds "9"]
[EventCountry "USA"]
[SourceTitle "EXT 2012"]
[Source "ChessBase"]
[SourceDate "2011.11.24"]
[SourceVersion "1"]
[SourceVersionDate "2011.11.24"]
[SourceQuality "1"]

1. e4 g6 2. Nf3 c5 3. Nc3 Bg7 4. d3 Nc6 5. Be3 Nd4 6. Be2 e6 7. Qd2 d6 8. 0-0 Bd7 9. Nd1 Rc8 10. c3 Nxe2+ 11. Qxe2 Nf6 12. Bg5 Qc7 13. Bxf6 Bxf6 14. d4 0-0 15. Ne3 Bc6 16. d5 exd5 17. exd5 Bd7 18. Nd2 b5 19. Ne4 Bg7 20. f4 Rfe8 21. Qf3 f5 22. Ng5 b4 23. Rac1 bxc3 24. bxc3 Qa5 25. Nc4 Qa6 26. Nd2 Qxa2 27. Qd3 c4 28. Qc2 Qa5 29. Rf3 Qxd5 30. Rd1 Qc5+ 31. Kh1 Re2 32. Rh3 Qf2 33. Rg3 Re1+ 0-1

[Event "San Francisco TNM Summer op"]
[Site "San Francisco"]
[Date "2010.06.08"]
[Round "3"]
[White "Allen, Tom"]
[Black "Capdeville, Barry E"]
[Result "1-0"]
[WhiteElo "1501"]
[BlackElo "1234"]
[PlyCount "85"]
[EventDate "2010.05.25"]
[EventType "swiss"]
[EventRounds "8"]
[EventCountry "USA"]
[SourceTitle "EXT 2012"]
[Source "ChessBase"]
[SourceDate "2011.11.24"]
[SourceVersion "1"]
[SourceVersionDate "2011.11.24"]
[SourceQuality "1"]

1. e4 c5 2. b4 cxb4 3. a3 d6 4. axb4 Nf6 5. Nc3 e6 6. Nf3 Be7 7. d4 Qc7 8. Bb2 a6 9. b5 0-0 10. Bd3 Nbd7 11. 0-0 Nb6 12. Qe2 e5 13. dxe5 dxe5 14. Na4 Nxa4 15. Rxa4 Bd6 16. Rc4 Qe7 17. Ra4 Bd7 18. Rfa1 a5 19. Rxa5 Rxa5 20. Rxa5 b6 21. Ra7 Qe8 22. Rb7 Bc5 23. Nxe5 Qd8 24. Nc4 Qa8 25. Rc7 Qb8 26. Be5 Qd8 27. Nd2 Re8 28. Bg3 Bg4 29. Qe1 Nh5 30. Rxc5 bxc5 31. f3 Bf5 32. Bf2 Nf4 33. Qb1 Nxd3 34. cxd3 Bc8 35. Bxc5 Qg5 36. Nc4 Qxc5+ 37. Kf1 Bd7 38. b6 Bb5 39. b7 Rb8 40. Na5 Bxd3+ 41. Qxd3 Qxa5 42. Qc4 g6 43. Qc8+ 1-0

[Event "San Francisco TNM Spring op"]
[Site "San Francisco"]
[Date "2010.04.13"]
[Round "5"]
[White "Capdeville, Barry E"]
[Black "Barrow, Lyle"]
[Result "1-0"]
[WhiteElo "1146"]
[BlackElo "1467"]
[PlyCount "49"]
[EventDate "2010.03.16"]
[EventType "swiss"]
[EventRounds "8"]
[EventCountry "USA"]
[SourceTitle "EXT 2012"]
[Source "ChessBase"]
[SourceDate "2011.11.24"]
[SourceVersion "1"]
[SourceVersionDate "2011.11.24"]
[SourceQuality "1"]

1. e4 e6 2. d4 d5 3. Nd2 Nf6 4. e5 Nfd7 5. f4 c5 6. c3 Nc6 7. Ndf3 Qb6 8. Ne2 Be7 9. b3 f6 10. g3 fxe5 11. fxe5 cxd4 12. cxd4 Nf8 13. Bg2 Ng6 14. 0-0 Ncxe5 15. Nxe5 Nxe5 16. Kh1 Nf7 17. Nf4 Bf6 18. Be3 0-0 19. Nh5 Be7 20. Qg4 g6 21. Nf6+ Bxf6 22. Rxf6 Kg7 23. Qh4 Qd8 24. Raf1 h5 25. Rxf7+ 1-0